| 000 | 00890cab a2200253 4500 | ||
|---|---|---|---|
| 001 | ABS56603 | ||
| 008 | 090401t1997 xxu||||| |||| 00| 0 eng d | ||
| 035 | _a(Sirsi) u24797 | ||
| 041 | _aeng | ||
| 100 | _aDriscoll, J. | ||
| 245 | _aAssured tenancies: the new law (2) | ||
| 260 | _c1997 | ||
| 350 | _a0 | ||
| 490 |
_aSolicitors` Journal _v(141) 21 February 1997, 156(1) |
||
| 520 | _aIn the second article on the Housing Act 1996, the author examines the new grounds for possession available in relation to assured tenancies. The changes come into effect on 28 February 1997. | ||
| 650 | _aASSURED TENANCIES | ||
| 650 | _aGROUNDS FOR POSSESSION | ||
| 650 | _aHOUSING ACT 1988 SCH 2 | ||
| 650 | _aHOUSING ACT 1996 | ||
| 650 | _aNUISANCE | ||
| 690 | _aPROPERTY-RESIDENTIAL PROPERTY-RESIDENTIAL LANDLORD AND TENANT-RESIDENTIAL TENANCIES | ||
| 942 | _n0 | ||
| 948 | _c04/03/1997 | ||
| 999 |
_c16635 _d16635 |
||